[Event "Foxwoods Open"]
[Site "Mashantucket, CT"]
[Date "2002.03.29"]
[Round "3"]
[White "Gardner, Lee"]
[Black "Fang, Joseph H"]
[Result "0-1"]
[WhiteElo "2023"]
[BlackElo "2299"]
[PlyCount "84"]
[EventDate "2002.??.??"]

1. e4 e6 2. d4 c5 3. c3 d5 4. e5 Qb6 5. Nf3 Nc6 6. Be2 Nh6 7. b3 cxd4 8. Bxh6
gxh6 9. cxd4 Bg7 10. Nc3 O-O 11. Qd2 f6 12. exf6 Rxf6 13. O-O Bd7 14. Rac1 Raf8
15. Na4 Qc7 16. Nc5 Be8 17. Nd3 Bh5 18. Nde5 Bxf3 19. Bxf3 Rf4 20. Nxc6 bxc6
21. Qc3 Bxd4 22. Qxc6 Qf7 23. Rcd1 Kh8 24. Qd6 Qf6 25. Rfe1 Bxf2+ 26. Kxf2
Rxf3+ 27. Kg1 Rd3 28. Qxf8+ Qxf8 29. Rxd3 Qc5+ 30. Kf1 Qb5 31. Red1 e5 32. Ke1
d4 33. Rg3 Qb4+ 34. Ke2 e4 35. Rc1 Qb5+ 36. Ke1 Qa5+ 37. Kd1 Qf5 38. Rc7 Qf1+
39. Kc2 d3+ 40. Kb2 Qf5 41. Rb7 Qe5+ 42. Kb1 e3 0-1

[Event "Foxwoods Open"]
[Site "Mashantucket, CT"]
[Date "2002.03.30"]
[Round "4"]
[White "Kaidanov, Gregory"]
[Black "Shabalov, Alexander"]
[Result "1/2-1/2"]
[WhiteElo "2694"]
[BlackElo "2672"]
[PlyCount "81"]
[EventDate "2002.??.??"]

1. d4 Nf6 2. c4 e6 3. Nc3 Bb4 4. Qc2 O-O 5. a3 Bxc3+ 6. Qxc3 Ne4 7. Qc2 f5 8.
e3 b6 9. Nh3 c5 10. f3 Nd6 11. dxc5 bxc5 12. Be2 Qh4+ 13. Nf2 Nc6 14. O-O a5
15. Nd3 Qxc4 16. Qxc4 Nxc4 17. Nxc5 Nb6 18. Rd1 a4 19. Rd6 Rb8 20. Bd2 Ne5 21.
Bc3 Nf7 22. Rd4 Nd5 23. Nxa4 Nxe3 24. Rd2 d6 25. Bd4 f4 26. b4 Nd5 27. Bc4 Ne3
28. Bb3 Nf5 29. Bf2 d5 30. Bc5 N7d6 31. Nb6 Rd8 32. Re1 Kf7 33. a4 Ne3 34. a5
Ba6 35. Bxe3 fxe3 36. Rxe3 Nc8 37. Nxc8 Rdxc8 38. Rd4 Bc4 39. Bxc4 dxc4 40.
Rd7+ Kf6 41. Rd2 1/2-1/2

[Event "Foxwoods Open"]
[Site "Mashantucket, CT"]
[Date "2002.03.30"]
[Round "4"]
[White "Karklins, Andrew"]
[Black "Fishbein, Alexander"]
[Result "0-1"]
[WhiteElo "2354"]
[BlackElo "2596"]
[PlyCount "50"]
[EventDate "2002.??.??"]

1. e4 c5 2. Nf3 d6 3. d4 cxd4 4. Nxd4 Nf6 5. Nc3 Nc6 6. g3 g6 7. Bg2 Bd7 8.
Nde2 Bg7 9. b3 O-O 10. Bb2 Qc8 11. h3 Rd8 12. Qd2 b5 13. O-O-O Qa6 14. Kb1 Rab8
15. Nd5 Nxd5 16. exd5 Ne5 17. Ka1 Rdc8 18. Nd4 Rb6 19. Rhe1 Nc4 20. bxc4 bxc4
21. Bc3 Rcb8 22. Re3 Qa4 23. Nc6 Bxc6 24. Bxg7 Ra6 25. a3 Qxa3+ 0-1

[Event "Foxwoods Open"]
[Site "Mashantucket, CT"]
[Date "2002.03.30"]
[Round "4"]
[White "Fang, Joseph H"]
[Black "Kaufman, Lawrence"]
[Result "1/2-1/2"]
[WhiteElo "2299"]
[BlackElo "2406"]
[PlyCount "53"]
[EventDate "2002.??.??"]

1. Nf3 d5 2. d4 Nf6 3. c4 e6 4. Nc3 c6 5. Bg5 h6 6. Bxf6 Qxf6 7. e3 Nd7 8. Bd3
dxc4 9. Bxc4 Bd6 10. O-O Qe7 11. Qc2 O-O 12. Rad1 Rd8 13. a3 Bc7 14. Ba2 b6 15.
d5 Ba6 16. dxe6 fxe6 17. Nd4 Nf8 18. Nxc6 Bxh2+ 19. Kxh2 Qc7+ 20. Kg1 Qxc6 21.
Rxd8 Rxd8 22. Rd1 Bb7 23. f3 Rxd1+ 24. Qxd1 Qc5 25. Kf2 Qe7 26. Qd4 Bc6 27. Bb3
1/2-1/2

[Event "Foxwoods Open"]
[Site "Mashantucket, CT"]
[Date "2002.03.30"]
[Round "4"]
[White "Bick, John D"]
[Black "Zaremba, Andrei A"]
[Result "1-0"]
[WhiteElo "2296"]
[BlackElo "2379"]
[PlyCount "33"]
[EventDate "2002.??.??"]

1. d4 d5 2. Bg5 c6 3. Nf3 h6 4. Bh4 Qb6 5. Qc1 Bf5 6. e3 e6 7. c4 Nd7 8. Nc3
dxc4 9. Bxc4 Ngf6 10. O-O Bd6 11. Re1 Bg4 12. Nd2 O-O 13. f3 Bh5 14. Bf2 Qc7
15. Nf1 e5 16. Qc2 exd4 17. exd4 1-0

[Event "Foxwoods Open"]
[Site "Mashantucket, CT"]
[Date "2002.03.30"]
[Round "4"]
[White "Benen, Samson"]
[Black "Mulyar, Michael A"]
[Result "1/2-1/2"]
[WhiteElo "2270"]
[BlackElo "2491"]
[Annotator "Crafty"]
[PlyCount "72"]
[EventDate "2002.??.??"]

1. d4 d5 2. Nf3 Nf6 3. c4 c6 4. Nc3 e6 5. e3 Nbd7 6. Bd3 dxc4 7. Bxc4 b5 8. Bb3
b4 9. Ne2 Bd6 10. O-O O-O 11. Nf4 c5 12. Re1 Bb7 13. Ng5 Bxf4 14. exf4 h6 15.
Nf3 Bxf3 16. gxf3 Rc8 17. dxc5 Nxc5 18. Be3 a5 19. f5 exf5 20. Qxd8 Rfxd8 21.
Bxc5 Rxc5 22. Re7 Rd2 23. Rxf7 Kh7 24. Re1 Rxb2 25. Ree7 Nh5 26. h4 a4 27. Bxa4
Rxa2 28. Bd7 Raa5 29. Be6 Re5 30. Rf8 Nf4 31. Bg8+ Kg6 32. Rb7 Re1+ 33. Kh2 b3
34. Bf7+ Kh7 35. Bg8+ (35. h5 Nxh5 36. Rbb8 g5 37. Bxh5 Re7 38. Rh8+ Kg7 39.
Rhg8+ Kf6 40. Rxb3 Raa7 41. Rg6+ Ke5 42. Rb5+ Kd4 43. Rxf5 $16) 35... Kg6 36.
Bf7+ Kh7 1/2-1/2

[Event "Foxwoods Open"]
[Site "Mashantucket, CT"]
[Date "2002.03.30"]
[Round "4"]
[White "Bennett, Allan D"]
[Black "Tegshsuren, Enkhba"]
[Result "0-1"]
[WhiteElo "2255"]
[BlackElo "2478"]
[PlyCount "188"]
[EventDate "2002.??.??"]

1. e4 c6 2. d4 d5 3. exd5 cxd5 4. c4 Nf6 5. Nc3 e6 6. Nf3 Bb4 7. Bd3 O-O 8. O-O
dxc4 9. Bxc4 Nbd7 10. Bg5 Bxc3 11. bxc3 Qc7 12. Qb3 b6 13. Bh4 Bb7 14. Bg3 Qc8
15. Bd3 Be4 16. Be2 Qb7 17. c4 Rfd8 18. Rfd1 Nh5 19. Ng5 Nxg3 20. hxg3 Rac8 21.
Rac1 h6 22. Nxe4 Qxe4 23. Bf3 Qf5 24. Qa3 Rc7 25. Qd6 Rdc8 26. Rb1 Nf6 27. c5
Ne8 28. Qf4 Qxf4 29. gxf4 bxc5 30. dxc5 Rxc5 31. Rd7 R5c7 32. Rb7 Rxd7 33. Rxd7
Rc7 34. Rd8 Kf8 35. Ra8 Ke7 36. g3 Nd6 37. Kg2 Nc8 38. Bd1 Nb6 39. Rb8 Nd7 40.
Ra8 g6 41. Bb3 h5 42. Bd1 Kd6 43. Bb3 Kc5 44. Kh3 Kd4 45. Kh4 Ke4 46. Bd1 Kf5
47. Kh3 Nb6 48. Rb8 Nd5 49. Bb3 Nc3 50. Kg2 Ne4 51. Rb5+ Kf6 52. Kf3 Nd6 53.
Ra5 Nf5 54. Kg2 Ke7 55. Bd1 Kd6 56. Bf3 Ne7 57. Kh3 Nf5 58. Be4 Nh6 59. Bf3 Ke7
60. Bd1 Kf6 61. Bf3 Kg7 62. Bd1 Re7 63. Bf3 f6 64. Ra6 Nf7 65. Kg2 e5 66. fxe5
Nxe5 67. Bd1 Rd7 68. Bb3 g5 69. Be6 Rc7 70. Bd5 Nd3 71. Bb3 g4 72. Rd6 Ne1+ 73.
Kf1 Re7 74. Bd1 Kg6 75. Ra6 Kg5 76. Ra3 f5 77. Rc3 Re5 78. Be2 Nf3 79. Bxf3
gxf3 80. Rxf3 Ra5 81. a3 Ra4 82. Kg2 a5 83. Rc3 Rd4 84. Rc5 a4 85. Ra5 h4 86.
gxh4+ Rxh4 87. Ra8 Rc4 88. Rg8+ Kf4 89. Ra8 Ke4 90. Kg3 Rc3+ 91. Kh4 Rxa3 92.
Kg5 f4 93. Kg4 f3 94. Kg3 94... Kd4 {time} 0-1

[Event "Foxwoods Open"]
[Site "Mashantucket, CT"]
[Date "2002.03.30"]
[Round "4"]
[White "Paschall, William"]
[Black "Salman, Joel"]
[Result "1/2-1/2"]
[WhiteElo "2451"]
[BlackElo "2225"]
[PlyCount "64"]
[EventDate "2002.??.??"]

1. d4 d5 2. c4 c6 3. Nf3 Nf6 4. Nc3 dxc4 5. a4 Bf5 6. e3 e6 7. Bxc4 Bb4 8. O-O
O-O 9. Qe2 Ne4 10. Bd3 Bxc3 11. bxc3 Nxc3 12. Qc2 Bxd3 13. Qxd3 Nd5 14. Ba3 Re8
15. Rab1 b6 16. Ne5 a5 17. Rfc1 Qc7 18. e4 Nb4 19. Bxb4 axb4 20. Rxb4 c5 21.
Rbc4 Nd7 22. Nf3 Qc6 23. Qc2 Ra5 24. Rd1 Rea8 25. d5 exd5 26. exd5 Qg6 27. Qe2
Qd6 28. Rh4 h6 29. Qc2 Qg6 30. Qe2 Qd6 31. Qc2 Qg6 32. Qe2 Qd6 1/2-1/2

[Event "Foxwoods Open"]
[Site "Mashantucket, CT"]
[Date "2002.03.30"]
[Round "4"]
[White "Milman, Lev"]
[Black "Anderson, Renard W"]
[Result "1-0"]
[WhiteElo "2190"]
[BlackElo "2289"]
[PlyCount "109"]
[EventDate "2002.??.??"]

1. e4 c5 2. d4 cxd4 3. c3 dxc3 4. Nxc3 Nc6 5. Nf3 d6 6. Bc4 a6 7. O-O Nf6 8.
Be3 e6 9. Qe2 Be7 10. Rfd1 Nd7 11. Rac1 Qa5 12. Nd4 Nxd4 13. Bxd4 O-O 14. Rd3
Bf6 15. Bxf6 Nxf6 16. Rxd6 Qe5 17. Rb6 Nd7 18. Rb4 b5 19. Bd3 Nc5 20. Bb1 a5
21. Rxb5 Ba6 22. Qe3 Bxb5 23. Nxb5 Rfc8 24. f4 Qxb2 25. Nd6 Rc6 26. e5 Nd3 27.
Rf1 Rc2 28. Bxc2 Qxc2 29. Qg3 Rb8 30. h3 h6 31. f5 Rb1 32. Rxb1 Qxb1+ 33. Kh2
Qf1 34. Ne8 Qf4 35. Qxf4 Nxf4 36. fxe6 Nxe6 37. Nd6 Nc5 38. Kg3 g6 39. Kf3 Kf8
40. Ke3 Ke7 41. Nc4 Nb7 42. Kd4 Ke6 43. a4 h5 44. g3 g5 45. g4 h4 46. Nd2 Nd8
47. Nf3 Nc6+ 48. Ke4 f6 49. exf6 Kxf6 50. Kd5 Nd8 51. Kc5 Ne6+ 52. Kb5 Ke7 53.
Kxa5 Kd7 54. Kb6 Kc8 55. Kc6 1-0

[Event "Foxwoods Open"]
[Site "Mashantucket, CT"]
[Date "2002.03.30"]
[Round "4.1"]
[White "Greanias, Steve"]
[Black "Gardner, Lee"]
[Result "1/2-1/2"]
[WhiteElo "2220"]
[BlackElo "2023"]
[PlyCount "50"]
[EventDate "2002.??.??"]

1. c4 f5 2. Nf3 Nf6 3. g3 g6 4. Bg2 d6 5. Nc3 Bg7 6. O-O O-O 7. d3 Nc6 8. e4 e5
9. Rb1 f4 10. gxf4 exf4 11. Bxf4 Nxe4 12. Nd5 Nc5 13. Bg5 Qd7 14. Re1 Qf7 15.
Be7 Bg4 16. b4 Ne6 17. Bxf8 Rxf8 18. Re4 Bh5 19. Qe1 Bxf3 20. Rxe6 Bxg2 21.
Kxg2 Qf3+ 22. Kg1 Qg4+ 23. Kh1 Qf3+ 24. Kg1 Qg4+ 25. Kh1 Qf3+ 1/2-1/2

[Event "Foxwoods Open"]
[Site "Mashantucket, CT"]
[Date "2002.03.30"]
[Round "5"]
[White "Fishbein, Alexander"]
[Black "Wall, G."]
[Result "0-1"]
[WhiteElo "2596"]
[BlackElo "2478"]
[PlyCount "162"]
[EventDate "2002.??.??"]

1. Nf3 g6 2. c4 Bg7 3. e4 c5 4. d4 Qa5+ 5. Nc3 Nf6 6. Bd3 cxd4 7. Nxd4 Nc6 8.
Nb3 Qd8 9. O-O d6 10. Bg5 h6 11. Bh4 O-O 12. f4 a5 13. Rb1 Ng4 14. Nd5 a4 15.
Na1 g5 16. fxg5 hxg5 17. Bxg5 Bd4+ 18. Kh1 Kg7 19. Be2 Nf2+ 20. Rxf2 Bxf2 21.
Qd2 Rh8 22. Rf1 Bg3 23. Nxe7 Rxh2+ 24. Kg1 Qb6+ 25. Be3 Qa5 26. Qxa5 Nxa5 27.
Bd4+ Kf8 28. Nxc8 Rxc8 29. Rf3 Rh4 30. Rxg3 Rxe4 31. Bg7+ Ke7 32. Kf2 Nxc4 33.
Nc2 Nxb2 34. Ne3 a3 35. Nd5+ Ke6 36. Nc3 Rf4+ 37. Ke1 f6 38. Bh6 Rh4 39. Bd2
Nc4 40. Bg4+ f5 41. Bh3 Nxd2 42. Kxd2 Rc5 43. Re3+ Re5 44. Rd3 b5 45. Ne2 Rb4
46. Nd4+ Kf6 47. Nb3 d5 48. g3 f4 49. gxf4 Rxf4 50. Nc5 Rf2+ 51. Kc3 Ree2 52.
Kb4 Rxa2 53. Rxd5 Rf4+ 54. Kxb5 Rb2+ 55. Kc6 a2 56. Nd7+ Ke7 57. Re5+ Kd8 58.
Ra5 Rc4+ 59. Nc5 Rbc2 60. Kd6 Rd2+ 61. Kc6 Rc1 62. Bf5 a1=Q 63. Rxa1 Rxa1 64.
Nb3 Ra6+ 65. Kb5 Rdd6 66. Nd4 Ra2 67. Kc5 Rf6 68. Be4 Kd7 69. Nb5 Rh2 70. Bd3
Rh5+ 71. Kb4 Rf4+ 72. Kc3 Rc5+ 73. Kd2 Kc6 74. Nc3 Rf2+ 75. Ne2 Re5 76. Kd1 Kc5
77. Ba6 Rf1+ 78. Kd2 Ra1 79. Bd3 Ra2+ 80. Kd1 Rh5 81. Ke1 Rh2 0-1

[Event "Foxwoods Open"]
[Site "Mashantucket, CT"]
[Date "2002.03.30"]
[Round "5"]
[White "Kaufman, Lawrence"]
[Black "Esserman, Marc"]
[Result "1-0"]
[WhiteElo "2406"]
[BlackElo "2207"]
[PlyCount "63"]
[EventDate "2002.??.??"]

1. e4 e5 2. Nf3 Nc6 3. Bb5 a6 4. Ba4 Nf6 5. O-O Nxe4 6. d4 b5 7. Bb3 d5 8. dxe5
Be6 9. Be3 Be7 10. Nbd2 Nc5 11. Qe2 Qb8 12. Nd4 Nxd4 13. Bxd4 Qb7 14. f4 g6 15.
c3 O-O-O 16. Bc2 Bd7 17. e6 Nxe6 18. Bxh8 Rxh8 19. f5 Bc5+ 20. Kh1 Nd8 21. Qf3
Bd6 22. Nb3 c6 23. Qf2 f6 24. a4 Bb8 25. Nc5 Qc7 26. g3 Qb6 27. axb5 axb5 28.
Ra6 Qc7 29. Ra8 Qb6 30. Nxd7 Qxf2 31. Rxb8+ Kxd7 32. Rxf2 1-0

[Event "Foxwoods Open"]
[Site "Mashantucket, CT"]
[Date "2002.03.30"]
[Round "5"]
[White "Bauer, Richard N"]
[Black "Karklins, Andrew"]
[Result "1-0"]
[WhiteElo "2240"]
[BlackElo "2354"]
[PlyCount "63"]
[EventDate "2002.??.??"]

1. d4 Nf6 2. c4 e6 3. Nf3 Bb4+ 4. Nbd2 a5 5. Qc2 d6 6. e3 Nc6 7. Be2 e5 8. d5
Ne7 9. O-O c6 10. dxc6 bxc6 11. b3 O-O 12. Bb2 Ng6 13. Rfd1 Qe7 14. Rac1 Bc5
15. Nf1 Ng4 16. h3 Nh6 17. Ne1 f5 18. Nd3 Ba7 19. Qc3 f4 20. c5 Qg5 21. exf4
Rxf4 22. Ng3 Nf5 23. Nxf4 Nxf4 24. Bc4+ Kh8 25. Qf3 Bxc5 26. Ne4 Qe7 27. Nxc5
Nh4 28. Qxc6 Nxh3+ 29. gxh3 Rb8 30. Rd3 dxc5 31. Qd6 Nf3+ 32. Kh1 1-0

[Event "Foxwoods Open"]
[Site "Mashantucket, CT"]
[Date "2002.03.30"]
[Round "5"]
[White "Rogers, Norman"]
[Black "Friedel, Joshua E"]
[Result "1-0"]
[WhiteElo "2334"]
[BlackElo "2233"]
[PlyCount "71"]
[EventDate "2002.??.??"]

1. e4 e5 2. Nf3 Nc6 3. Bc4 Nf6 4. d3 Be7 5. c3 O-O 6. O-O d6 7. Re1 Be6 8. Nbd2
Qd7 9. h3 Rae8 10. Ng5 Bd8 11. Nxe6 fxe6 12. Bb3 Qf7 13. Nf3 Nh5 14. d4 exd4
15. cxd4 Nf4 16. Bxf4 Qxf4 17. Qc1 Qf7 18. Qe3 Na5 19. Bc2 Kh8 20. Qc3 Qh5 21.
b4 Nc6 22. Ba4 Re7 23. Bxc6 bxc6 24. Qxc6 Ref7 25. Re3 Rf6 26. e5 dxe5 27. dxe5
Rg6 28. Rd1 Qxh3 29. Ng5 Qh4 30. Rf3 Be7 31. Rxf8+ Bxf8 32. Rd8 Qxb4 33. Qd6
Qe1+ 34. Kh2 Rh6+ 35. Nh3 Rxh3+ 36. Kxh3 1-0

[Event "Foxwoods Open"]
[Site "Mashantucket, CT"]
[Date "2002.03.31"]
[Round "6"]
[White "Kacheishvili, Giorgi"]
[Black "Schmaltz, Roland"]
[Result "1-0"]
[WhiteElo "2662"]
[BlackElo "2550"]
[PlyCount "99"]
[EventDate "2002.??.??"]

1. g3 g6 2. Bg2 Bg7 3. d4 Nf6 4. e4 d6 5. Nc3 O-O 6. Nge2 Nc6 7. O-O e5 8. dxe5
dxe5 9. Bg5 Qxd1 10. Rfxd1 Nb4 11. a3 Na6 12. Nd5 Nxd5 13. exd5 Bd7 14. Be3 f5
15. c4 e4 16. Nd4 Rfe8 17. b4 Ba4 18. Rdc1 c5 19. dxc6 Rad8 20. Nb5 Bxa1 21.
Rxa1 bxc6 22. Nxa7 Nb8 23. b5 Rd7 24. Bf1 Red8 25. Be2 cxb5 26. cxb5 Kg7 27.
Kf1 h6 28. Rc1 g5 29. Rc4 Bd1 30. Nc6 Bxe2+ 31. Kxe2 Nxc6 32. bxc6 Rd3 33. a4
Kf7 34. c7 Rc8 35. a5 Ra3 36. Bb6 Ke6 37. Rd4 Rc3 38. a6 R3xc7 39. Bxc7 Rxc7
40. Ra4 Ra7 41. Ke3 h5 42. Ra5 Kf6 43. Kd4 h4 44. Kc5 hxg3 45. hxg3 f4 46. gxf4
gxf4 47. Kb6 Ra8 48. a7 e3 49. fxe3 fxe3 50. Kb7 1-0

[Event "Foxwoods Open"]
[Site "Mashantucket, CT"]
[Date "2002.03.31"]
[Round "6"]
[White "Sammour-Hasbun, Jo"]
[Black "Kaufman, Lawrence"]
[Result "0-1"]
[WhiteElo "2587"]
[BlackElo "2406"]
[PlyCount "63"]
[EventDate "2002.??.??"]

1. Nf3 d5 2. d4 Nf6 3. c4 dxc4 4. Nc3 c6 5. a4 Bf5 6. Ne5 Nbd7 7. Nxc4 Nb6 8.
Ne5 a5 9. f3 Nfd7 10. e4 Bg6 11. Qb3 Nxe5 12. dxe5 e6 13. Be3 Bb4 14. Kf2 Nd7
15. h4 h5 16. Rd1 Qc7 17. Nb5 Qxe5 18. f4 Qb8 19. f5 exf5 20. Rxd7 f4 21. Rxb7
fxe3+ 22. Kf3 Qc8 23. Nc7+ Kf8 24. Rxb4 axb4 25. Qxb4+ c5 26. Qxc5+ Kg8 27.
Kxe3 Rxa4 28. Bd3 Kh7 29. Rc1 Rd8 30. Nd5 Qg4 31. b4 Ra3 32. Rf1 0-1

[Event "Foxwoods Open"]
[Site "Mashantucket, CT"]
[Date "2002.03.31"]
[Round "6"]
[White "Perelshteyn, Eugene"]
[Black "Betaneli, Alexander"]
[Result "1/2-1/2"]
[WhiteElo "2528"]
[BlackElo "2315"]
[PlyCount "85"]
[EventDate "2002.??.??"]

1. e4 e5 2. Nf3 Nc6 3. Bb5 a6 4. Ba4 d6 5. O-O Nge7 6. c3 Ng6 7. d4 Bd7 8. Re1
Be7 9. Nbd2 h6 10. Nf1 Bg5 11. Ne3 O-O 12. Bb3 Bxe3 13. Bxe3 Kh8 14. Qd2 Kh7
15. dxe5 Ncxe5 16. Nxe5 Nxe5 17. f4 Ng4 18. Bd4 Qh4 19. h3 c5 20. Bxg7 Rg8 21.
hxg4 Rxg7 22. g5 hxg5 23. f5 Bc6 24. Bc2 f6 25. Re3 g4 26. g3 Qh6 27. Re2 Qxd2
28. Rxd2 Re8 29. Rxd6 Rge7 30. Rxf6 Bxe4 31. Bxe4 Rxe4 32. Rd1 R8e7 33. Rfd6
Re3 34. R6d3 Kg7 35. Rxe3 Rxe3 36. Rd7+ Kf6 37. Kg2 b5 38. Rd6+ Kxf5 39. Rxa6
Rd3 40. Kf2 Rf3+ 41. Kg2 Rd3 42. Kf2 Rf3+ 43. Kg2 1/2-1/2

[Event "Foxwoods Open"]
[Site "Mashantucket, CT"]
[Date "2002.03.31"]
[Round "6"]
[White "Bauer, Richard N"]
[Black "Gershov, Yevgeniy"]
[Result "1/2-1/2"]
[WhiteElo "2240"]
[BlackElo "2335"]
[PlyCount "54"]
[EventDate "2002.??.??"]

1. d4 Nf6 2. c4 c5 3. d5 b5 4. cxb5 a6 5. bxa6 g6 6. Nc3 Bxa6 7. e4 Bxf1 8.
Kxf1 d6 9. h3 Bg7 10. Nge2 O-O 11. Kg1 Nfd7 12. Kh2 Na6 13. Rb1 Qb6 14. Be3 Qb7
15. Qd2 Rfb8 16. Rhd1 Nc7 17. Bh6 Ne5 18. b3 Nb5 19. Nxb5 Qxb5 20. a4 Qb4 21.
Qc2 Qb7 22. Bd2 Qa6 23. Bc3 c4 24. f4 cxb3 25. Rxb3 Qc4 26. Rxb8+ Rxb8 27. fxe5
Bxe5+ 1/2-1/2

[Event "Foxwoods Open"]
[Site "Mashantucket, CT"]
[Date "2002.03.31"]
[Round "7"]
[White "Kaufman, Lawrence"]
[Black "Kacheishvili, Giorgi"]
[Result "0-1"]
[WhiteElo "2406"]
[BlackElo "2662"]
[PlyCount "44"]
[EventDate "2002.??.??"]

1. e4 c5 2. Nf3 d6 3. d4 cxd4 4. Nxd4 Nf6 5. Nc3 Nc6 6. f3 e6 7. Be3 Be7 8. Qd2
O-O 9. O-O-O d5 10. exd5 Nxd5 11. Nxd5 Qxd5 12. Nb3 Qe5 13. Bf4 Qf6 14. h4 Rd8
15. Bd3 h6 16. g4 e5 17. Be3 Nb4 18. g5 Nxd3+ 19. cxd3 Qxf3 20. gxh6 Bf5 21.
Qf2 Rac8+ 22. Kb1 Rxd3 0-1

[Event "Foxwoods Open"]
[Site "Mashantucket, CT"]
[Date "2002.03.31"]
[Round "7"]
[White "Wall, G."]
[Black "Foygel, Igor"]
[Result "1/2-1/2"]
[WhiteElo "2478"]
[BlackElo "2573"]
[PlyCount "66"]
[EventDate "2002.??.??"]

1. e4 d6 2. d4 Nf6 3. Nc3 g6 4. h4 a6 5. Be2 h6 6. e5 dxe5 7. dxe5 Qxd1+ 8.
Bxd1 Nfd7 9. Nd5 Kd8 10. e6 fxe6 11. Nf4 Ne5 12. c3 c5 13. Be3 Rg8 14. Bxc5 g5
15. hxg5 hxg5 16. Bb6+ Ke8 17. Bh5+ Kd7 18. O-O-O+ Kc6 19. Bd4 Bg7 20. Nf3 Nxf3
21. Bxf3+ Kc7 22. Bxg7 Rxg7 23. Nd3 g4 24. Be4 Nd7 25. f4 Rb8 26. g3 b5 27. b4
Rb6 28. Nc5 Nxc5 29. bxc5 Rb8 30. c6 b4 31. Rh8 Rf7 32. Rh5 bxc3 33. Rd3 Rb4
1/2-1/2

[Event "Foxwoods Open"]
[Site "Mashantucket, CT"]
[Date "2002.03.31"]
[Round "7"]
[White "Paschall, William"]
[Black "Bauer, Richard N"]
[Result "1-0"]
[WhiteElo "2451"]
[BlackElo "2240"]
[PlyCount "63"]
[EventDate "2002.??.??"]

1. e4 c5 2. Nf3 d6 3. d4 Nf6 4. Nc3 cxd4 5. Nxd4 a6 6. Bc4 e6 7. Bb3 Nbd7 8. f4
Nc5 9. Qf3 b5 10. f5 e5 11. Nde2 Bb7 12. Bg5 Nxb3 13. axb3 b4 14. Bxf6 Qxf6 15.
Nd5 Bxd5 16. exd5 g6 17. Ng3 Bh6 18. Ne4 Qh4+ 19. g3 Qe7 20. O-O O-O 21. Kg2 a5
22. Rf2 Rac8 23. Qg4 Be3 24. Re2 h5 25. Qh3 Bh6 26. Rf1 Rc7 27. Ref2 Rfc8 28.
fxg6 fxg6 29. Rf7 Rxc2+ 30. Kh1 Qxf7 31. Rxf7 Kxf7 32. Nxd6+ 1-0

[Event "Foxwoods Open"]
[Site "Mashantucket, CT"]
[Date "2002.03.31"]
[Round "7"]
[White "Bennett, Allan D"]
[Black "Peric, Slavisa"]
[Result "1-0"]
[WhiteElo "2255"]
[BlackElo "2350"]
[PlyCount "73"]
[EventDate "2002.??.??"]

1. e4 e6 2. Nf3 d5 3. Nc3 Nf6 4. e5 Nfd7 5. d4 c5 6. dxc5 Nc6 7. Bf4 Nxc5 8.
Bd3 Be7 9. h4 h6 10. Qe2 a6 11. h5 b5 12. O-O O-O 13. Qd2 Nxd3 14. cxd3 f5 15.
exf6 Bxf6 16. Rac1 Bd7 17. Rfe1 Rc8 18. d4 Be7 19. Ne5 Nxe5 20. Bxe5 Qe8 21.
Qe2 Bg5 22. Qg4 Qf7 23. Rc2 b4 24. Bd6 Be7 25. Bxe7 Qxe7 26. Nxd5 Qf7 27. Rxc8
Bxc8 28. Rc1 Qxf2+ 29. Kh2 Bd7 30. Ne7+ Kh7 31. Qe4+ Rf5 32. Rc7 Be8 33. Nxf5
exf5 34. Qe5 Qh4+ 35. Kg1 Qg4 36. Qxe8 Qd1+ 37. Kh2 1-0

[Event "Foxwoods Open"]
[Site "Mashantucket, CT"]
[Date "2002.03.31"]
[Round "7"]
[White "Hanken, Jerome B"]
[Black "Rogers, Norman"]
[Result "0-1"]
[WhiteElo "2200"]
[BlackElo "2334"]
[PlyCount "90"]
[EventDate "2002.??.??"]

1. c4 Nf6 2. g3 g6 3. Bg2 Bg7 4. Nc3 O-O 5. e3 e5 6. Nge2 d6 7. O-O h5 8. d4
Nbd7 9. e4 c6 10. b3 exd4 11. Nxd4 Re8 12. Ba3 Nc5 13. Bxc5 dxc5 14. Nde2 Qa5
15. Qc2 h4 16. Rad1 hxg3 17. hxg3 Ng4 18. Nb1 Qc7 19. Qd2 Qe5 20. f3 Bh6 21.
Nf4 Nf6 22. Qd6 Bxf4 23. gxf4 Qxd6 24. Rxd6 Nh5 25. Rfd1 Nxf4 26. Nc3 Kg7 27.
Kf2 Rh8 28. Kg3 g5 29. Na4 b6 30. Nc3 Rh4 31. Rh1 Rxh1 32. Bxh1 Bb7 33. Rd7 Rb8
34. e5 Rh8 35. Bg2 Bc8 36. Rxa7 Bh3 37. Bxh3 Rxh3+ 38. Kf2 g4 39. Ne4 Rxf3+ 40.
Kg1 Kg6 41. Re7 g3 42. Re8 Re3 43. Rg8+ Kf5 44. Nxg3+ Rxg3+ 45. Rxg3 Ne2+ 0-1